|
|
|
|
| LEADER |
00000nam a2200000 a 4500 |
| 001 |
UCH9460 |
| 003 |
CL-VaPUC |
| 008 |
100107e20090000uk |||||||||||||||||eng|d |
| 020 |
|
|
|a 9781906124120
|
| 082 |
0 |
4 |
|a 658.40352
|b HOL
|2 21
|
| 100 |
|
|
|a Holt, Jon
|e author
|9 546567
|
| 245 |
1 |
2 |
|a A pragmatic guide to Business Process Modelling
|
| 250 |
|
|
|a 2a. ed
|
| 300 |
|
|
|a 213 p
|
| 942 |
|
|
|c BK
|
| 945 |
|
|
|d 20100107 00:00:00
|a dcastane
|
| 260 |
|
|
|a Londres
|b BCS
|c 2009
|
| 650 |
|
0 |
|a Administración de empresas
|9 260833
|
| 650 |
|
0 |
|a Modelos matemáticos
|9 259437
|
| 650 |
|
0 |
|a Planificación estratégica
|9 259735
|
| 583 |
|
|
|a last modification
|c 20171004 05:47:55
|k Rodrigo Vera
|
| 999 |
|
|
|c 339428
|d 339426
|
| 952 |
|
|
|0 0
|1 0
|4 0
|6 658_403520000000000_HOL_2009
|7 0
|8 A
|9 433083
|a BIBING
|b BIBING
|d 2019-11-22
|i 463294K
|o 658.40352 HOL 2009
|p 463294K
|r 2025-01-20
|w 2019-11-22
|y BK
|k EII
|